Electrical Engineering education at Tomsk Polytechnic University; Proceedings of the 8th International Symposium on Theoretical Electrical Engineering (Thessaloniki, September 22-23, 1995)

Bibliografiske detaljer
Parent link:Proceedings of the 8th International Symposium on Theoretical Electrical Engineering (Thessaloniki, September 22-23, 1995).— 1995
Hovedforfatter: Pokholkov Y. P. Yuri Petrovich
Andre forfattere: Chuchalin A. I. Alexander Ivanovich, Sipaylov G. A.
Summary:В фонде НТБ ТПУ отсутствует
Sprog:engelsk
Udgivet: 1995
Fag:
Format: MixedMaterials Book Chapter
KOHA link:https://koha.lib.tpu.ru/cgi-bin/koha/opac-detail.pl?biblionumber=598843

MARC

LEADER 00000naa0a2200000 4500
001 598843
005 20250807102331.0
035 |a (RuTPU)RU\TPU\tpu\22642 
035 |a RU\TPU\tpu\16645 
090 |a 598843 
100 |a 20130205d1995 m||y0rusy50 ba 
101 0 |a eng 
102 |a GR 
200 1 |a Electrical Engineering education at Tomsk Polytechnic University  |f Y. P. Pokholkov, A. I. Chuchalin, G. A. Sipaylov 
333 |a В фонде НТБ ТПУ отсутствует 
463 |t Proceedings of the 8th International Symposium on Theoretical Electrical Engineering (Thessaloniki, September 22-23, 1995)  |d 1995 
610 1 |a труды учёных ТПУ 
700 1 |a Pokholkov  |b Y. P.  |c specialist in the field of electrical engineering, Doctor of technical sciences  |c Rector of the TPU (1990 - 2008), professor  |f 1939-  |g Yuri Petrovich  |x TPU  |y Tomsk  |3 (RuTPU)RU\TPU\pers\24842  |9 11046 
701 1 |a Chuchalin  |b A. I.  |c Doctor of technical sciences, Professor of Tomsk Polytechnic University  |c Vice-rector for Academic and International Affairs  |f 1952-  |g Alexander Ivanovich  |3 (RuTPU)RU\TPU\pers\30123  |9 14529 
701 1 |a Sipaylov  |b G. A. 
801 1 |a RU  |b 63413507  |c 20090928 
801 2 |a RU  |b 63413507  |c 20130205  |g RCR 
942 |c BK